000 01104nam a22003375i 4500
003 CL-SaCFP
005 20260306092352.0
008 251212s 000 0 spa
015 _acl-2025-xxxx
_2bcl
020 _a9789566402251
040 _cCL
082 _aCH863 F368 2025
100 1 _aFerrada, Miguel Ángel,
_d1976-
_eautor
245 1 4 _aLos brujos del fin del mundo :
_bun thriller sobrenatural sobre la Recta Provincia /
_cMiguel Ferrada.
246 3 0 _aUn thriller sobrenatural sobre la Recta Provincia
250 _aSegunda edición: octubre 2025.
264 1 _aSantiago de Chile :
_bUrano World Chile S.A.,
_c2025.
264 3 _aChile :
_bCyC Impresores Ltda.,
_c2025.
264 4 _cc2025
300 _a572 páginas :
_bmapas ;
_c23 cm.
336 _atexto
_btxt
_2rdacontent
337 _ano mediado
_bn
_2rdamedia
338 _avolumen
_bnc
_2rdacarrier
500 _aStefano Books -- Contracubierta.
650 7 _aNovelas chilenas
650 7 _aNovelas de terror chilenas
651 7 _abiloé (Chile)
_vNovela
655 7 _aNovela
942 _2ddc
_cLIBRO
949 _ac
_bc
999 _c16343
_d16343